[Event "Aaronson Masters 1st"]
[Site "London"]
[Date "1978.03.24"]
[Round "2"]
[White "Ligterink, Gert"]
[Black "Kinlay, Jonathan"]
[Result "0-1"]
[WhiteElo "2440"]
[BlackElo "2300"]
[PlyCount "64"]
[EventDate "1978.03.23"]
[EventType "swiss"]
[EventRounds "10"]
[EventCountry "ENG"]
[SourceTitle "BritBase"]
[Source "John Saunders"]
[SourceDate "2023.12.16"]
[SourceVersion "1"]
[SourceVersionDate "2023.12.16"]
[SourceQuality "1"]

1. e4 e6 2. d4 d5 3. Nd2 Nf6 4. e5 Nfd7 5. Bd3 c5 6. c3 Nc6 7. Ne2 cxd4 8. cxd4
f6 9. exf6 Nxf6 10. O-O Bd6 11. Nf3 Qb6 12. Nc3 O-O 13. Be3 Qd8 14. Re1 Qe8 15.
Ne5 Nxe5 16. dxe5 Bxe5 17. Bc5 Bb8 18. Qf3 Bd7 19. Bxf8 Qxf8 20. Rac1 Qd6 21.
g3 a6 22. Bf1 Ba7 23. Bh3 Re8 24. Rcd1 Bc6 25. Qe2 Qc5 26. Bg2 e5 27. Rc1 Qb6
28. Qd2 e4 29. Re2 d4 30. Nd1 Bb5 31. Re1 e3 32. fxe3 dxe3 0-1

[Event "Aaronson Masters 1st"]
[Site "London"]
[Date "1978.03.24"]
[Round "2"]
[White "Law, Andrew P"]
[Black "Baczynskyj, Boris"]
[Result "1-0"]
[WhiteElo "2345"]
[BlackElo "2370"]
[PlyCount "55"]
[EventDate "1978.03.23"]
[EventType "swiss"]
[EventRounds "10"]
[EventCountry "ENG"]
[SourceTitle "BritBase"]
[Source "John Saunders"]
[SourceDate "2023.12.16"]
[SourceVersion "1"]
[SourceVersionDate "2023.12.16"]
[SourceQuality "1"]

1. Nf3 c5 2. c4 Nc6 3. d4 cxd4 4. Nxd4 Nf6 5. Nc3 e6 6. g3 Bc5 7. Nb3 Bb4 8.
Bg2 d5 9. O-O Bxc3 10. bxc3 O-O 11. cxd5 exd5 12. Qc2 Re8 13. Bf4 Bg4 14. Rfe1
Qd7 15. Rad1 Bh3 16. Bh1 Ne5 17. Bg5 Neg4 18. Nc5 Qb5 19. Nd3 Ne4 20. Bc1 Rac8
21. Bxe4 dxe4 22. Nf4 Rc5 23. Nxh3 Rh5 24. f3 Qb6+ 25. Kg2 Nxh2 26. Nf4 Rh6 27.
Nd5 Qg6 28. Ne7+ 1-0

[Event "Aaronson Masters 1st"]
[Site "London"]
[Date "1978.03.24"]
[Round "2"]
[White "Basman, Michael John"]
[Black "Large, Peter G"]
[Result "1-0"]
[WhiteElo "2395"]
[BlackElo "2275"]
[PlyCount "53"]
[EventDate "1978.03.23"]
[EventType "swiss"]
[EventRounds "10"]
[EventCountry "ENG"]
[SourceTitle "BritBase"]
[Source "John Saunders"]
[SourceDate "2023.12.16"]
[SourceVersion "1"]
[SourceVersionDate "2023.12.16"]
[SourceQuality "1"]

1. e4 e5 2. f4 Bc5 3. Nf3 d6 4. Nc3 Nf6 5. Bc4 Nc6 6. d3 a6 7. fxe5 Nxe5 8.
Nxe5 dxe5 9. Bg5 Be6 10. Rf1 Bxc4 11. Bxf6 gxf6 12. dxc4 Bb4 13. Qd3 Bxc3+ 14.
Qxc3 Qd6 15. Rd1 Qc6 16. Rd5 Rg8 17. g3 b5 18. cxb5 Qxc3+ 19. bxc3 Rg4 20. Rxf6
Rxe4+ 21. Kd2 axb5 22. Rf5 Kf8 23. Rd7 c6 24. Rfxf7+ Kg8 25. Rg7+ Kh8 26. Rxh7+
Kg8 27. Rh6 1-0

[Event "Aaronson Masters 1st"]
[Site "London"]
[Date "1978.03.24"]
[Round "2"]
[White "Shapiro, Daniel E"]
[Black "Baker, Chris W"]
[Result "1-0"]
[WhiteElo "2350"]
[BlackElo "2280"]
[PlyCount "49"]
[EventDate "1978.03.23"]
[EventType "swiss"]
[EventRounds "10"]
[EventCountry "ENG"]
[SourceTitle "BritBase"]
[Source "John Saunders"]
[SourceDate "2023.12.16"]
[SourceVersion "1"]
[SourceVersionDate "2023.12.16"]
[SourceQuality "1"]

1. d4 c5 2. e3 Nf6 3. Nf3 g6 4. Be2 Bg7 5. O-O b6 6. c4 O-O 7. Nc3 e6 8. e4
cxd4 9. Nxd4 Bb7 10. f3 d5 11. cxd5 exd5 12. e5 Nfd7 13. f4 a6 14. Be3 Nc5 15.
Nb3 Nbd7 16. Bf3 Qh4 17. g3 Qh6 18. Nxd5 Bxd5 19. Bxd5 Rad8 20. Qf3 Nd3 21.
Rad1 Nb4 22. e6 Nxd5 23. Qxd5 fxe6 24. Qxe6+ Rf7 25. Bxb6 1-0

[Event "Aaronson Masters 1st"]
[Site "London"]
[Date "1978.03.24"]
[Round "2"]
[White "Reuben, Stewart"]
[Black "Crouch, Colin S"]
[Result "0-1"]
[WhiteElo "2270"]
[BlackElo "2300"]
[PlyCount "48"]
[EventDate "1978.03.23"]
[EventType "swiss"]
[EventRounds "10"]
[EventCountry "ENG"]
[SourceTitle "BritBase"]
[Source "John Saunders"]
[SourceDate "2023.12.16"]
[SourceVersion "1"]
[SourceVersionDate "2023.12.16"]
[SourceQuality "1"]

1. d4 Nf6 2. c4 e6 3. Nc3 d5 4. Bg5 Be7 5. e3 h6 6. Bf4 O-O 7. Rc1 c5 8. dxc5
dxc4 9. Qxd8 Rxd8 10. Bc7 Rd7 11. Bxb8 Rxb8 12. Bxc4 Bxc5 13. Nf3 a6 14. Ke2 b5
15. Bd3 Bb7 16. Nxb5 Rxd3 17. Rxc5 Rd5 18. Rxd5 Bxd5 19. Nc3 Rxb2+ 20. Nd2 Bc4+
21. Kd1 Bd3 22. f3 Nd5 23. Nxd5 exd5 24. a4 Ra2 0-1

[Event "Aaronson Masters 1st"]
[Site "London"]
[Date "1978.03.24"]
[Round "3"]
[White "Littlewood, Paul E"]
[Black "Mestel, A Jonathan"]
[Result "1-0"]
[WhiteElo "2345"]
[BlackElo "2450"]
[PlyCount "103"]
[EventDate "1978.03.23"]
[EventType "swiss"]
[EventRounds "10"]
[EventCountry "ENG"]
[SourceTitle "BritBase"]
[Source "John Saunders"]
[SourceDate "2023.12.16"]
[SourceVersion "1"]
[SourceVersionDate "2023.12.16"]
[SourceQuality "1"]

1. e4 c5 2. Nf3 d6 3. d4 Nf6 4. Nc3 cxd4 5. Nxd4 g6 6. Be3 Bg7 7. f3 Nc6 8. Qd2
Bd7 9. g4 Rc8 10. O-O-O Ne5 11. h4 h5 12. g5 Nh7 13. f4 Ng4 14. Bg1 O-O 15. Kb1
e5 16. Nf3 Be6 17. fxe5 Nxe5 18. Nxe5 Bxe5 19. Nb5 Re8 20. Bh3 Bxh3 21. Rxh3
Qd7 22. Rb3 Qg4 23. Nxa7 Rc4 24. Bf2 Rxe4 25. Rg1 Re2 26. Qd1 Qe4 27. Rf1 Rxf2
28. Rxf2 Bd4 29. Rf1 Bxa7 30. Rbf3 Re7 31. Rf4 Qe5 32. a3 Nf8 33. Qd3 Nd7 34.
Qf3 Qe6 35. Qxb7 Ne5 36. Qa8+ Kg7 37. Rf6 Qc4 38. R1f4 Qc5 39. Qd8 Rc7 40. c3
d5 41. Rd6 Kh7 42. Qf6 Nc6 43. Rxc6 Qxc6 44. Qxc6 Rxc6 45. Rxf7+ Kg8 46. Rxa7
Rc4 47. a4 Rxh4 48. a5 Rg4 49. a6 h4 50. b4 Rg1+ 51. Kb2 d4 52. Rc7 1-0

[Event "Aaronson Masters 1st"]
[Site "London"]
[Date "1978.03.24"]
[Round "3"]
[White "Ornstein, Axel"]
[Black "Werner, Dimo"]
[Result "1-0"]
[WhiteElo "2425"]
[BlackElo "2255"]
[PlyCount "87"]
[EventDate "1978.03.23"]
[EventType "swiss"]
[EventRounds "10"]
[EventCountry "ENG"]
[SourceTitle "BritBase"]
[Source "John Saunders"]
[SourceDate "2023.12.16"]
[SourceVersion "1"]
[SourceVersionDate "2023.12.16"]
[SourceQuality "1"]

1. d4 Nf6 2. c4 c5 3. Nf3 e6 4. e3 Be7 5. Nc3 O-O 6. Bd3 b6 7. O-O Bb7 8. d5
exd5 9. cxd5 d6 10. e4 Ba6 11. h3 Bxd3 12. Qxd3 a6 13. a4 Nbd7 14. Bf4 Ne8 15.
Nd2 Bf6 16. Nc4 Be5 17. Bxe5 Nxe5 18. Nxe5 dxe5 19. f4 f6 20. fxe5 fxe5 21.
Rxf8+ Kxf8 22. Rf1+ Kg8 23. Qg3 Qb8 24. Rf5 Nd6 25. Rg5 g6 26. Qxe5 Nf7 27.
Qxb8+ Rxb8 28. Rg3 Re8 29. Re3 Re5 30. Kf2 Nd6 31. Kf3 Kg7 32. Nd1 c4 33. Nf2
h5 34. h4 b5 35. axb5 axb5 36. Ra3 Re7 37. Ra6 Rf7+ 38. Ke3 Rd7 39. Kd4 Kf7 40.
g4 Nc8 41. gxh5 gxh5 42. e5 Ra7 43. Rxa7+ Nxa7 44. Ne4 1-0

[Event "Aaronson Masters 1st"]
[Site "London"]
[Date "1978.03.24"]
[Round "3"]
[White "Franklin, Michael J"]
[Black "Rayner, Emmanuel"]
[Result "1-0"]
[WhiteElo "2315"]
[BlackElo "2345"]
[PlyCount "77"]
[EventDate "1978.03.23"]
[EventType "swiss"]
[EventRounds "10"]
[EventCountry "ENG"]
[SourceTitle "BritBase"]
[Source "John Saunders"]
[SourceDate "2023.12.16"]
[SourceVersion "1"]
[SourceVersionDate "2023.12.16"]
[SourceQuality "1"]

1. d4 Nf6 2. Nf3 g6 3. Bf4 Bg7 4. e3 O-O 5. Nbd2 d6 6. Bc4 c5 7. c3 b6 8. O-O
Bb7 9. h3 Nbd7 10. Re1 a6 11. a4 Qc7 12. Bh2 Bc6 13. e4 e5 14. Qe2 Bb7 15. Rac1
Rfe8 16. Ng5 Re7 17. f4 exf4 18. Bxf4 Rf8 19. Bxa6 h6 20. Ngf3 Bxe4 21. Nxe4
Rxe4 22. Qd2 g5 23. Bh2 c4 24. Rxe4 Nxe4 25. Qe2 Ndf6 26. Qxc4 Qd7 27. Bb5 Qf5
28. Rf1 Qg6 29. Qd3 h5 30. h4 g4 31. Ng5 d5 32. Be5 Nxg5 33. Qxg6 fxg6 34. hxg5
Ne4 35. Rxf8+ Kxf8 36. Bxg7+ Kxg7 37. Bc6 Nxg5 38. Bxd5 Kf6 39. b4 1-0

[Event "Aaronson Masters 1st"]
[Site "London"]
[Date "1978.03.24"]
[Round "3"]
[White "Silman, Jeremy D"]
[Black "Johnsen, Gunnar"]
[Result "1-0"]
[WhiteElo "2360"]
[BlackElo "2280"]
[PlyCount "77"]
[EventDate "1978.03.23"]
[EventType "swiss"]
[EventRounds "10"]
[EventCountry "ENG"]
[SourceTitle "BritBase"]
[Source "John Saunders"]
[SourceDate "2023.12.16"]
[SourceVersion "1"]
[SourceVersionDate "2023.12.16"]
[SourceQuality "1"]

1. e4 e5 2. Nf3 Nc6 3. Bb5 d6 4. d4 Bd7 5. c3 Nf6 6. Nbd2 Be7 7. O-O O-O 8. a4
a6 9. Bc4 exd4 10. Nxd4 Ne5 11. Be2 c5 12. Nc2 Bc6 13. f4 Ng6 14. Bd3 b5 15.
Ne3 c4 16. Bc2 Qb6 17. Qe2 Rfe8 18. axb5 axb5 19. Rxa8 Bxa8 20. Kh1 Bc6 21. Nf5
Qb7 22. Nd4 Bf8 23. Nxc6 Qxc6 24. Qf3 d5 25. e5 Nd7 26. Qg3 b4 27. Nf3 bxc3 28.
bxc3 Bc5 29. h4 Qc7 30. h5 Ngf8 31. Rd1 Nb6 32. Qg4 Qd7 33. f5 Kh8 34. Bg5 Be7
35. h6 gxh6 36. Bxh6 Ng6 37. e6 fxe6 38. Qd4+ e5 39. Nxe5 1-0

[Event "Aaronson Masters 1st"]
[Site "London"]
[Date "1978.03.24"]
[Round "3"]
[White "Watson, William Nicholas"]
[Black "Ligterink, Gert"]
[Result "0-1"]
[WhiteElo "2145"]
[BlackElo "2440"]
[PlyCount "72"]
[EventDate "1978.03.23"]
[EventType "swiss"]
[EventRounds "10"]
[EventCountry "ENG"]
[SourceTitle "BritBase"]
[Source "John Saunders"]
[SourceDate "2023.12.16"]
[SourceVersion "1"]
[SourceVersionDate "2023.12.16"]
[SourceQuality "1"]

1. e4 c5 2. Nf3 e6 3. d4 cxd4 4. Nxd4 Nf6 5. Nc3 Nc6 6. Ndb5 d6 7. Bf4 e5 8.
Bg5 a6 9. Na3 b5 10. Nd5 Be7 11. Nxe7 Nxe7 12. Bxf6 gxf6 13. c4 Bb7 14. cxb5
Bxe4 15. Qa4 d5 16. bxa6+ Kf8 17. Rd1 d4 18. f3 Bc6 19. Bb5 Qb6 20. O-O Kg7 21.
f4 Bxb5 22. Nxb5 Rxa6 23. Qc4 Rc8 24. Qb3 d3+ 25. Kh1 e4 26. f5 Rc7 27. Rf4 Qe3
28. Rg4+ Ng6 29. fxg6 hxg6 30. Nc3 Rb6 31. Qd5 Rxc3 32. Qxe4 Qxe4 33. Rxe4 Rxb2
34. a4 d2 35. Re2 Rc1 36. Rexd2 Rbb1 0-1

[Event "Aaronson Masters 1st"]
[Site "London"]
[Date "1978.03.24"]
[Round "3"]
[White "Webb, Simon"]
[Black "Law, Andrew P"]
[Result "1/2-1/2"]
[WhiteElo "2445"]
[BlackElo "2345"]
[PlyCount "64"]
[EventDate "1978.03.23"]
[EventType "swiss"]
[EventRounds "10"]
[EventCountry "ENG"]
[SourceTitle "BritBase"]
[Source "John Saunders"]
[SourceDate "2023.12.16"]
[SourceVersion "1"]
[SourceVersionDate "2023.12.16"]
[SourceQuality "1"]

1. Nf3 Nf6 2. c4 e6 3. Nc3 d5 4. d4 Bb4 5. e3 O-O 6. Bd3 c5 7. O-O Nc6 8. a3
Bxc3 9. bxc3 dxc4 10. Bxc4 Qc7 11. Bd3 e5 12. Nxe5 Nxe5 13. dxe5 Qxe5 14. Qc2
Bd7 15. Bd2 Rad8 16. Rad1 Ng4 17. f4 Qe8 18. Rde1 Ba4 19. Qb1 c4 20. Bxh7+ Kh8
21. Bf5 Rxd2 22. Bxg4 Bc6 23. Bf3 Rd3 24. Qc1 Be4 25. Bxe4 Qxe4 26. f5 Rfd8 27.
Rf4 Qe5 28. Rxc4 Qxf5 29. Rd4 Qc5 30. Qb2 R8xd4 31. cxd4 Qxa3 32. Qxb7 Rxe3
1/2-1/2

[Event "Aaronson Masters 1st"]
[Site "London"]
[Date "1978.03.24"]
[Round "3"]
[White "Baczynskyj, Boris"]
[Black "Basman, Michael John"]
[Result "0-1"]
[WhiteElo "2370"]
[BlackElo "2395"]
[PlyCount "60"]
[EventDate "1978.03.23"]
[EventType "swiss"]
[EventRounds "10"]
[EventCountry "ENG"]
[SourceTitle "BritBase"]
[Source "John Saunders"]
[SourceDate "2023.12.16"]
[SourceVersion "1"]
[SourceVersionDate "2023.12.16"]
[SourceQuality "1"]

1. e4 c6 2. d4 d5 3. Nc3 dxe4 4. Nxe4 Nf6 5. Nxf6+ gxf6 6. Bf4 Qb6 7. b3 e5 8.
dxe5 fxe5 9. Qe2 Bb4+ 10. Bd2 Be6 11. Nf3 Nd7 12. Bxb4 Qxb4+ 13. Qd2 a5 14. Ng5
Qxd2+ 15. Kxd2 Bd5 16. c4 Bxg2 17. Bxg2 Rg8 18. Nxh7 Rxg2 19. Rag1 Rxg1 20.
Rxg1 Ke7 21. h4 Nc5 22. Ng5 Rd8+ 23. Ke2 f6 24. Nf3 Ne6 25. Ne1 f5 26. Nd3 e4
27. Ne1 Kf6 28. f3 Nd4+ 29. Ke3 f4+ 30. Kxe4 Ne2 0-1

[Event "Aaronson Masters 1st"]
[Site "London"]
[Date "1978.03.24"]
[Round "3"]
[White "Haik, Aldo"]
[Black "Fuller, Maxwell L"]
[Result "1-0"]
[WhiteElo "2425"]
[BlackElo "2390"]
[PlyCount "53"]
[EventDate "1978.03.23"]
[EventType "swiss"]
[EventRounds "10"]
[EventCountry "ENG"]
[SourceTitle "BritBase"]
[Source "John Saunders"]
[SourceDate "2023.12.16"]
[SourceVersion "1"]
[SourceVersionDate "2023.12.16"]
[SourceQuality "1"]

1. d4 Nf6 2. c4 e6 3. Nc3 Bb4 4. Qc2 Qe7 5. e4 d6 6. Bd3 Nc6 7. Nf3 e5 8. d5
Bxc3+ 9. Qxc3 Nb8 10. b4 O-O 11. O-O b6 12. c5 bxc5 13. bxc5 Ba6 14. Ba3 Bxd3
15. Qxd3 dxc5 16. Rac1 Nbd7 17. Nd2 Ne8 18. Nb3 Nd6 19. Nxc5 Nxc5 20. Rxc5 f5
21. exf5 Rxf5 22. Qc2 Qh4 23. Rxc7 Rg5 24. f4 Rg6 25. fxe5 Qd4+ 26. Kh1 Qxe5
27. Rc8+ 1-0

[Event "Aaronson Masters 1st"]
[Site "London"]
[Date "1978.03.24"]
[Round "3"]
[White "Macdonald-Ross, Michael"]
[Black "Carleton, John Joseph"]
[Result "0-1"]
[WhiteElo "2265"]
[BlackElo "2280"]
[PlyCount "42"]
[EventDate "1978.03.23"]
[EventType "swiss"]
[EventRounds "10"]
[EventCountry "ENG"]
[SourceTitle "BritBase"]
[Source "John Saunders"]
[SourceDate "2023.12.16"]
[SourceVersion "1"]
[SourceVersionDate "2023.12.16"]
[SourceQuality "1"]

1. d4 d5 2. Nf3 Nf6 3. Bg5 e6 4. e3 h6 5. Bh4 Nbd7 6. Nbd2 Be7 7. Bd3 c5 8. c3
O-O 9. Ne5 Nxe5 10. dxe5 Nd7 11. Bg3 b5 12. Nf3 b4 13. c4 dxc4 14. Bxc4 Nb6 15.
Nd2 Nxc4 16. Nxc4 Ba6 17. Qxd8 Rfxd8 18. b3 Bxc4 19. bxc4 Rd3 20. Ke2 Rad8 21.
Rhd1 Ra3 0-1

[Event "Aaronson Masters 1st"]
[Site "London"]
[Date "1978.03.24"]
[Round "3"]
[White "Crouch, Colin S"]
[Black "Diesen, Mark C"]
[Result "1/2-1/2"]
[WhiteElo "2300"]
[BlackElo "2440"]
[PlyCount "33"]
[EventDate "1978.03.23"]
[EventType "swiss"]
[EventRounds "10"]
[EventCountry "ENG"]
[SourceTitle "BritBase"]
[Source "John Saunders"]
[SourceDate "2023.12.16"]
[SourceVersion "1"]
[SourceVersionDate "2023.12.16"]
[SourceQuality "1"]

1. e4 c5 2. c3 g6 3. d4 cxd4 4. cxd4 d5 5. exd5 Nf6 6. Nc3 Bg7 7. Bc4 Nbd7 8.
d6 e6 9. d5 exd5 10. Bxd5 O-O 11. Nge2 Ne5 12. Bf4 Nxd5 13. Nxd5 Qxd6 14. Bg5
f6 15. Bh4 Rd8 16. Nec3 g5 17. Bg3 1/2-1/2

[Event "Aaronson Masters 1st"]
[Site "London"]
[Date "1978.03.24"]
[Round "3"]
[White "Whiteley, Andrew Jonathan"]
[Black "Supancic, Darko"]
[Result "1/2-1/2"]
[WhiteElo "2385"]
[BlackElo "2335"]
[PlyCount "30"]
[EventDate "1978.03.23"]
[EventType "swiss"]
[EventRounds "10"]
[EventCountry "ENG"]
[SourceTitle "BritBase"]
[Source "John Saunders"]
[SourceDate "2023.12.16"]
[SourceVersion "1"]
[SourceVersionDate "2023.12.16"]
[SourceQuality "1"]

1. d4 Nf6 2. c4 e6 3. Nc3 d5 4. Nf3 c6 5. Bg5 dxc4 6. e4 b5 7. e5 h6 8. Bh4 g5
9. exf6 gxh4 10. Ne5 Bb4 11. g3 Qd5 12. Rg1 Qe4+ 13. Be2 Nd7 14. Qd2 Bxc3 15.
Qxc3 Nxf6 1/2-1/2

[Event "Aaronson Masters 1st"]
[Site "London"]
[Date "1978.03.25"]
[Round "4"]
[White "Diesen, Mark C"]
[Black "Littlewood, Paul E"]
[Result "1-0"]
[WhiteElo "2440"]
[BlackElo "2345"]
[PlyCount "131"]
[EventDate "1978.03.23"]
[EventType "swiss"]
[EventRounds "10"]
[EventCountry "ENG"]
[SourceTitle "BritBase"]
[Source "John Saunders"]
[SourceDate "2023.12.16"]
[SourceVersion "1"]
[SourceVersionDate "2023.12.16"]
[SourceQuality "1"]

1. c4 e5 2. Nc3 Nf6 3. Nf3 Nc6 4. e3 Bb4 5. Qc2 Bxc3 6. Qxc3 Qe7 7. a3 d5 8.
cxd5 Nxd5 9. Qb3 Nb6 10. d3 O-O 11. Be2 Bf5 12. Qc3 Rad8 13. b4 a6 14. O-O Rd7
15. Nd2 Rfd8 16. Ne4 Bxe4 17. dxe4 Qd6 18. b5 Na4 19. Qc2 axb5 20. Bxb5 Nc5 21.
a4 Nb4 22. Qc4 c6 23. Qxb4 cxb5 24. Ba3 b6 25. Qxb5 Qd3 26. Bxc5 Qxb5 27. axb5
bxc5 28. Rfc1 g6 29. Kf1 Rc8 30. Ra6 Rb7 31. Rc6 Rcb8 32. g4 h6 33. h4 Rxb5 34.
R1xc5 Kg7 35. Rd5 g5 36. h5 Rb1+ 37. Kg2 Re8 38. Rd7 Rf8 39. Rg6+ Kh7 40. Rf6
Kg7 41. Rg6+ Kh7 42. Re7 Rb4 43. Kf3 Rbb8 44. Rf6 Kg7 45. Rf5 Ra8 46. Rexe5 Ra7
47. Ra5 Re7 48. Rfe5 Rb7 49. Rab5 Ra7 50. Rb6 Rc8 51. Reb5 Rc2 52. Rb2 Rcc7 53.
Rd2 Ra4 54. e5 Re7 55. Rdd6 Rxe5 56. Rxh6 Ree4 57. Rhf6 Rxg4 58. h6+ Kg8 59.
Rb8+ Kh7 60. Rf8 Rh4 61. R8xf7+ Kh8 62. Rd6 Ra8 63. Rg6 Rb8 64. Rxg5 Rh3+ 65.
Kg2 Rxh6 66. Rff5 1-0

[Event "Aaronson Masters 1st"]
[Site "London"]
[Date "1978.03.25"]
[Round "4"]
[White "Short, Nigel D"]
[Black "Bachmann, Friedhelm"]
[Result "1-0"]
[WhiteElo "2225"]
[BlackElo "2220"]
[PlyCount "85"]
[EventDate "1978.03.23"]
[EventType "swiss"]
[EventRounds "10"]
[EventCountry "ENG"]
[SourceTitle "BritBase"]
[Source "John Saunders"]
[SourceDate "2023.12.16"]
[SourceVersion "1"]
[SourceVersionDate "2023.12.16"]
[SourceQuality "1"]

1. e4 c5 2. Nf3 g6 3. g3 Bg7 4. Bg2 Nc6 5. O-O Nf6 6. d3 O-O 7. Re1 d6 8. c3 e5
9. Nbd2 b5 10. a4 b4 11. Qc2 Rb8 12. Nc4 Ba6 13. Ne3 Qb6 14. Nd2 Na5 15. Kh1
Qc7 16. f4 exf4 17. gxf4 Rfd8 18. c4 Nc6 19. Nf3 Bc8 20. Rb1 Bg4 21. Nxg4 Nxg4
22. h3 b3 23. Qe2 Nh6 24. Be3 Re8 25. f5 gxf5 26. Qd2 Ng4 27. hxg4 fxg4 28. Nh4
Re6 29. Nf5 Rbe8 30. Rf1 Ne7 31. Rbe1 h5 32. Nxg7 Kxg7 33. Qc3+ Kg6 34. Rf4 Nc6
35. Rf5 f6 36. Ref1 Qe7 37. e5 Nxe5 38. Be4 Kg7 39. Rxh5 Rh8 40. Rxh8 Kxh8 41.
Kg2 Nxd3 42. Rh1+ Kg8 43. Bd5 {BCM, June 1978, clearly lists Black's name as F
Bachmann with a rating of 2220. Other sources give Karlheinz Bachmann.} 1-0

[Event "Aaronson Masters 1st"]
[Site "London"]
[Date "1978.03.25"]
[Round "4"]
[White "Werner, Dimo"]
[Black "Franklin, Michael J"]
[Result "0-1"]
[WhiteElo "2255"]
[BlackElo "2315"]
[PlyCount "80"]
[EventDate "1978.03.23"]
[EventType "swiss"]
[EventRounds "10"]
[EventCountry "ENG"]
[SourceTitle "BritBase"]
[Source "John Saunders"]
[SourceDate "2023.12.16"]
[SourceVersion "1"]
[SourceVersionDate "2023.12.16"]
[SourceQuality "1"]

1. e4 c5 2. Nf3 a6 3. c4 d6 4. d4 cxd4 5. Nxd4 Nf6 6. Nc3 b6 7. Be2 Bb7 8. f3
e6 9. O-O Nbd7 10. Be3 Be7 11. Qd2 O-O 12. Rfd1 Rc8 13. Rac1 Re8 14. Bf1 Qc7
15. Qf2 Qb8 16. a3 Bd8 17. b4 Bc7 18. g3 Ne5 19. Nb3 d5 20. Nd2 dxe4 21. Ncxe4
Nxf3+ 22. Qxf3 Nxe4 23. Nxe4 f5 24. Bd3 Rf8 25. Bb1 Rf7 26. Qe2 fxe4 27. Qg4
Re8 28. Rf1 Rf5 29. Rxf5 exf5 30. Qxf5 Bxg3 31. Rf1 Bxh2+ 32. Kh1 Bd6 33. c5
bxc5 34. bxc5 Bc7 35. Qf7+ Kh8 36. Rg1 Be5 37. Rg5 Rf8 38. Qc4 Bf4 39. c6 Bxc6
40. Bxf4 Qxf4 0-1

[Event "Aaronson Masters 1st"]
[Site "London"]
[Date "1978.03.25"]
[Round "4"]
[White "Kinlay, Jonathan"]
[Black "Ornstein, Axel"]
[Result "0-1"]
[WhiteElo "2300"]
[BlackElo "2425"]
[PlyCount "75"]
[EventDate "1978.03.23"]
[EventType "swiss"]
[EventRounds "10"]
[EventCountry "ENG"]
[SourceTitle "BritBase"]
[Source "John Saunders"]
[SourceDate "2023.12.16"]
[SourceVersion "1"]
[SourceVersionDate "2023.12.16"]
[SourceQuality "1"]

1. e4 e6 2. d4 d5 3. Nd2 Nf6 4. e5 Nfd7 5. c3 c5 6. f4 Nc6 7. Ndf3 cxd4 8. cxd4
h5 9. Bd3 Nb6 10. Nh3 Bd7 11. O-O g6 12. Nhg5 Qe7 13. b3 a5 14. Be3 Nb4 15. Be2
a4 16. Bf2 Bc6 17. Bh4 Qd7 18. a3 Na6 19. Nxf7 Qxf7 20. Bf6 Rh6 21. Ng5 Qg8 22.
Bd3 Nc7 23. Rf3 Be7 24. Bxe7 Kxe7 25. Qd2 Kd8 26. Qb4 Nd7 27. Rg3 axb3 28. Qxb3
Qf8 29. Rf1 Kc8 30. Bb1 Bb5 31. Rf2 Bc4 32. Qb2 Ra6 33. Rc3 Rb6 34. Qc1 Kb8 35.
Ba2 Nb5 36. Rxc4 dxc4 37. Qxc4 Nc7 38. h4 0-1

[Event "Aaronson Masters 1st"]
[Site "London"]
[Date "1978.03.25"]
[Round "4"]
[White "Carleton, John Joseph"]
[Black "Goodman, David SC"]
[Result "1-0"]
[WhiteElo "2280"]
[BlackElo "2320"]
[PlyCount "67"]
[EventDate "1978.03.23"]
[EventType "swiss"]
[EventRounds "10"]
[EventCountry "ENG"]
[SourceTitle "BritBase"]
[Source "John Saunders"]
[SourceDate "2023.12.16"]
[SourceVersion "1"]
[SourceVersionDate "2023.12.16"]
[SourceQuality "1"]

1. e4 e6 2. d4 d5 3. Nc3 Be7 4. e5 b6 5. f4 h5 6. Nf3 Qd7 7. Be3 Ba6 8. Bxa6
Nxa6 9. Qe2 Nb4 10. a3 Nc6 11. Nd1 Na5 12. Nf2 Nh6 13. Nd3 Nf5 14. Bf2 Rc8 15.
O-O c5 16. dxc5 bxc5 17. b4 Nb7 18. Rfd1 c4 19. Nde1 c3 20. Bxa7 Rc4 21. Qxc4
dxc4 22. Rxd7 Kxd7 23. Rd1+ Kc7 24. Bf2 Rd8 25. Rxd8 Nxd8 26. Nd4 Nxd4 27. Bxd4
Kc6 28. Bxc3 Kb5 29. Nf3 Ka4 30. Nd2 Kxa3 31. Nxc4+ Ka4 32. Nd6 f6 33. Kf1 Nc6
34. b5 1-0

[Event "Aaronson Masters 1st"]
[Site "London"]
[Date "1978.03.25"]
[Round "4"]
[White "Goichberg, William"]
[Black "Botterill, George Steven"]
[Result "0-1"]
[WhiteElo "2525"]
[BlackElo "2400"]
[PlyCount "64"]
[EventDate "1978.03.23"]
[EventType "swiss"]
[EventRounds "10"]
[EventCountry "ENG"]
[SourceTitle "BritBase"]
[Source "John Saunders"]
[SourceDate "2023.12.16"]
[SourceVersion "1"]
[SourceVersionDate "2023.12.16"]
[SourceQuality "1"]

1. e4 e6 2. d4 d5 3. e5 c5 4. c3 Nc6 5. Nf3 Qb6 6. a3 c4 7. g3 f6 8. exf6 Nxf6
9. Bh3 Na5 10. Nbd2 Bd6 11. O-O O-O 12. Re1 Kh8 13. Ne5 Bxe5 14. Rxe5 Nc6 15.
Re1 e5 16. Bxc8 Raxc8 17. Nf3 Ne4 18. Be3 Qxb2 19. dxe5 Nxc3 20. Qd2 Qxd2 21.
Nxd2 d4 22. Bf4 b5 23. Ne4 Nxe4 24. Rxe4 Na5 25. e6 Nb3 26. Rb1 d3 27. e7 Rfe8
28. Kf1 Kg8 29. Ke1 Nc5 30. Re3 c3 31. Rxb5 d2+ 32. Kd1 Nd3 0-1

[Event "Aaronson Masters 1st"]
[Site "London"]
[Date "1978.03.25"]
[Round "4"]
[White "Ligterink, Gert"]
[Black "Silman, Jeremy D"]
[Result "1-0"]
[WhiteElo "2440"]
[BlackElo "2360"]
[PlyCount "49"]
[EventDate "1978.03.23"]
[EventType "swiss"]
[EventRounds "10"]
[EventCountry "ENG"]
[SourceTitle "BritBase"]
[Source "John Saunders"]
[SourceDate "2023.12.16"]
[SourceVersion "1"]
[SourceVersionDate "2023.12.16"]
[SourceQuality "1"]

1. e4 c5 2. Nf3 Nc6 3. d4 cxd4 4. Nxd4 g6 5. Nc3 Bg7 6. Be3 Nf6 7. Bc4 Qa5 8.
O-O O-O 9. Bb3 d6 10. h3 Bd7 11. Qd3 Rac8 12. f4 Qh5 13. Nf3 Nb4 14. Qd2 Bc6
15. e5 dxe5 16. fxe5 Rcd8 17. Qf2 Nfd5 18. Nxd5 Bxd5 19. Bxd5 Rxd5 20. Bxa7 Qf5
21. Qh4 Ra8 22. Ng5 Qxe5 23. Qxh7+ Kf8 24. Nxf7 Qxb2 25. Ne5+ 1-0